Formulovanie zámerov, cieľov a merateľných ukazovateľov programového rozpočtovania
Z praxe používania zámerov, cieľov a merateľných ukazovateľov programového rozpočtovania je lepšie, ak sa zvolí primerané množstvo zámerov, cieľov a merateľných ukazovateľov, aby sa následne po skončení roka dali vyhodnotiť. Určenie zámerov, cieľov a merateľných ukazovateľo programového rozpočtovani...
Uložené v:
| Hlavný autor: | |
|---|---|
| Médium: | Kapitola |
| Jazyk: | Slovak |
| Predmet: | |
| Tagy: |
Žiadne tagy, Buďte prvý, kto otaguje tento záznam!
|
MARC
| LEADER | 00000naa a2200000 4500 | ||
|---|---|---|---|
| 001 | 0269871 | ||
| 005 | 20201116142547.3 | ||
| 041 | 0 | |a slo | |
| 044 | |a SK | ||
| 245 | 1 | 0 | |a Formulovanie zámerov, cieľov a merateľných ukazovateľov programového rozpočtovania |c Tatiana Macháčová |
| 520 | |a Z praxe používania zámerov, cieľov a merateľných ukazovateľov programového rozpočtovania je lepšie, ak sa zvolí primerané množstvo zámerov, cieľov a merateľných ukazovateľov, aby sa následne po skončení roka dali vyhodnotiť. Určenie zámerov, cieľov a merateľných ukazovateľo programového rozpočtovania zreteľnejšie vyjadruje vzťah medzi zámermi vedenia mesta, obce strategickými dokumentami obce a schválenými výdavkami v rozpočte na daný rok. | ||
| 610 | 2 | 0 | |a rozpočtovanie |
| 610 | 2 | 0 | |a rozpočty |
| 610 | 2 | 0 | |a mestá |
| 610 | 2 | 0 | |a obce |
| 610 | 2 | 0 | |a zámery investičné |
| 610 | 2 | 0 | |a ukazovatele |
| 100 | 1 | |a Macháčová, Tatiana | |